000 00601nam a2200229Ia 4500
003 OSt
005 20221005123010.0
006 a|||||r|||| 00| 0
007 ta
008 221004b |||||||| |||| 00| 0 mal d
024 _a46132
037 _cTextual
040 _aCRL
_cCRL
_bmal
041 _2mal
_amal
082 _aO32,3(V)M78x, J1.1
100 _aPisharody Krishna Au.
_9632954
245 0 _aKerala Katha
260 _c1961
650 _aMALAYALAM LITERATURE
_938866
942 _hO32,3(V)M78x, J1.1
_cTEXL
_2cc
999 _c1046066
_d1046066